00680nam a2200229 a 4500001001300000003000900013005001700022008004100039020002300080082001700103100001800120245004000138260004800178300000900226500003500235650001000270700001800280902000800298942000700306952012000313999001700433nice12345678IN_TiNIC20260116015041.0071009s1999 bana grp 000 0 eng  a8170862396 c10000a307.336bSHI aShiri, Godwin aOur SlumsbMirror a Systemic Malady aBangalorebAsian Trading Corporation c1999 a131p aincludes index and biblioraphy aSlums1 aShiri, Godwin bSRS cBK 001040708StackRoom-aHMIbHMId2007-10-09g100.00l0o307.336 SHIp11001973r2007-10-09v100.00w2007-10-09yBK c18105d18105